000 00588nam a22002057a 4500
008 131029b xxu||||| |||| 00| 0 ger d
020 _a3519001381
041 0 _ager
080 _a3:316
100 1 _aHill, Paul Bernard
245 _aFamiliensoziologie :
_cPaul Bernard Hill
260 _aStuttgart :
_bB. G. Teubner ;
_c1995.
300 _a285 f. ;
_c19 cm.
500 _aEileitung : f. 5-6
505 _aLiteratura : f. 251-282
650 _aShkencat shoqërore
650 _aSociologjia
700 1 _aKopp, Johannes
942 _2udc
_cBK
999 _c199
_d199